<?xml version="1.0" encoding="UTF-8"?>
<record
    xmlns:xsi="http://www.w3.org/2001/XMLSchema-instance"
    xsi:schemaLocation="http://www.loc.gov/MARC21/slim http://www.loc.gov/standards/marcxml/schema/MARC21slim.xsd"
    xmlns="http://www.loc.gov/MARC21/slim">

  <leader>00674cam a22002412i 4500</leader>
  <controlfield tag="001">CIP114012464</controlfield>
  <controlfield tag="003">YEEZEN</controlfield>
  <controlfield tag="005">20260112133552.0</controlfield>
  <controlfield tag="008">250827s2025    ch     e      000 0 chi d</controlfield>
  <datafield tag="020" ind1=" " ind2=" ">
    <subfield code="a">9789863708612</subfield>
    <subfield code="q">(&#x5E73;&#x88DD;) :</subfield>
    <subfield code="c">NT$380</subfield>
  </datafield>
  <datafield tag="040" ind1=" " ind2=" ">
    <subfield code="a">CIP</subfield>
    <subfield code="b">chi</subfield>
    <subfield code="c">CIP</subfield>
  </datafield>
  <datafield tag="042" ind1=" " ind2=" ">
    <subfield code="a">nbic</subfield>
  </datafield>
  <datafield tag="084" ind1=" " ind2=" ">
    <subfield code="a">411.3</subfield>
    <subfield code="2">ncsclt</subfield>
  </datafield>
  <datafield tag="090" ind1=" " ind2=" ">
    <subfield code="a">411.3</subfield>
  </datafield>
  <datafield tag="245" ind1="1" ind2="0">
    <subfield code="a">7&#x5929;&#x5403;&#x51FA;&#x5149;&#x6FA4;&#x808C;&#x819A;&amp;&#x5065;&#x5EB7;&#x9AD4;&#x614B;,&#x6253;&#x9020;&#x9006;&#x9F61;&#x8EAB;&#x9AD4;! /</subfield>
    <subfield code="c">&#x83CA;&#x6C60;&#x771F;&#x7531;&#x5B50;&#x4F5C;; &#x90B1;&#x4F73;&#x8473;&#x8B6F;</subfield>
  </datafield>
  <datafield tag="250" ind1=" " ind2=" ">
    <subfield code="a">&#x521D;&#x7248;</subfield>
  </datafield>
  <datafield tag="260" ind1=" " ind2=" ">
    <subfield code="a">&#x65B0;&#x5317;&#x5E02; :</subfield>
    <subfield code="b">&#x6953;&#x8449;&#x793E;&#x6587;&#x5316;, </subfield>
    <subfield code="c">2025.10</subfield>
  </datafield>
  <datafield tag="300" ind1=" " ind2=" ">
    <subfield code="a">&#x9762; ;</subfield>
    <subfield code="c">&#x516C;&#x5206;</subfield>
  </datafield>
  <datafield tag="650" ind1=" " ind2="7">
    <subfield code="2">lcstt</subfield>
    <subfield code="a">&#x5065;&#x5EB7;&#x98F2;&#x98DF;</subfield>
  </datafield>
  <datafield tag="650" ind1=" " ind2="7">
    <subfield code="2">lcstt</subfield>
    <subfield code="a">&#x71DF;&#x990A;</subfield>
  </datafield>
  <datafield tag="650" ind1=" " ind2="7">
    <subfield code="2">lcstt</subfield>
    <subfield code="a">&#x5065;&#x5EB7;&#x6CD5;</subfield>
  </datafield>
  <datafield tag="942" ind1=" " ind2=" ">
    <subfield code="2">ccl</subfield>
    <subfield code="c">BOOK</subfield>
  </datafield>
  <datafield tag="999" ind1=" " ind2=" ">
    <subfield code="c">7683</subfield>
    <subfield code="d">7683</subfield>
  </datafield>
  <datafield tag="952" ind1=" " ind2=" ">
    <subfield code="0">0</subfield>
    <subfield code="1">0</subfield>
    <subfield code="2">ccl</subfield>
    <subfield code="4">0</subfield>
    <subfield code="7">0</subfield>
    <subfield code="a">yeezen</subfield>
    <subfield code="b">yeezen</subfield>
    <subfield code="c">YEEZEN</subfield>
    <subfield code="d">2026-01-12</subfield>
    <subfield code="l">4</subfield>
    <subfield code="o">411.3</subfield>
    <subfield code="p">C03269</subfield>
    <subfield code="r">2026-04-08 00:00:00</subfield>
    <subfield code="s">2026-03-23</subfield>
    <subfield code="w">2026-01-12</subfield>
    <subfield code="y">BOOK</subfield>
    <subfield code="z">&#x98DF;&#x7269;&#x662F;&#x4EBA;&#x5011;&#x651D;&#x53D6;&#x71DF;&#x990A;&#x7684;&#x4E3B;&#x8981;&#x4F86;&#x6E90;&#xFF0C; &#x4E0D;&#x540C;&#x7684;&#x98DF;&#x7269;&#x7D44;&#x5408;&#xFF0C; &#x4E5F;&#x6703;&#x5C0D;&#x8EAB;&#x9AD4;&#x5E36;&#x4F86;&#x4E0D;&#x4E00;&#x6A23;&#x7684;&#x5F71;&#x97FF;&#x3002; &#x9019;&#x4E9B;&#x642D;&#x914D;&#x5C31;&#x50CF;&#x9B54;&#x6CD5;&#x5492;&#x8A9E;&#x7684;&#x7D44;&#x5408;&#xFF0C; &#x91DD;&#x5C0D;&#x4E0D;&#x540C;&#x60C5;&#x6CC1;&#xFF0C;&#x5C0D;&#x61C9;&#x4E0D;&#x540C;&#x7D44;&#x5408;&#xFF0C; &#x7528;&#x5929;&#x7136;&#x7684;&#x65B9;&#x5F0F;&#x5C0D;&#x75C7;&#x4E0B;&#x85E5;&#xFF0C; &#x5373;&#x80FD;&#x88DC;&#x5145;&#x6700;&#x7CBE;&#x83EF;&#x3001;&#x7D14;&#x7CB9;&#x7684;&#x71DF;&#x990A;&#x3002;</subfield>
  </datafield>
</record>
